00761 2200253 4500001002100000005001700021008004100038020001800079035002400097041000800121043001200129082001400141090002400155100003200179245013900211250001000350260003600360300001900396504001900415650001900434700002200453850001200475999002000487YOGYA-0511000000113120110520085450.0 ind  a979-3752-31-9 0010-051100000001130 aInd aYOPDYOG a297.382.2 aDEP 297.382.2 Ash D aAsH - SHILAWAY, Ibnu Rif'ah aDahsyatnya tahajudbJalan menuju kebahagiaan, kesuksesan, dan keberkahan hidupcIbnu Rifah Ash - Shilaway;penyunting Muhammad Masykur. acet 1 aYogyakartabCitra Risalahc2010 a192 hlmc16 cm ahlm. 193 - 196 aShalat Tahajud aMasykur, Muhammad aYOPDYOG aCD.11 2010-1414